Statistics for Montenegro Country Quiz

Click here to take the quiz!

General Stats

  • This quiz has been taken 279 times
  • The average score is 11 of 20

Answer Stats

HintAnswer% Correct
Capital cityPodgorica
99%
Year of independency2006
91%
Bordering seaAdriatic Sea
88%
Peninsula where it is locatedBalkan
87%
Domestic name for countryCrna Gora
74%
Biggest lake, shared with AlbaniaSkadar Lake
67%
Tourist town, namesake of a bayKotor
65%
Most famous politician, Prime Minister in four termsMilo Đukanović
56%
Ruler from the above dynasty, author of Gorski VijenacPetar II Petrović Njegoš
55%
Montenegrin dynasty (1697-1918)Petrović
49%
River that flows through capital cityMorača
46%
Last ruler and the only king from same dynastyNikola I Petrović
46%
Northernmost town and industrial centrePljevlja
44%
Year of first formal recognition as independent country1878
30%
First captain of national football team, former player of Roma and JuventusMirko Vučinić
30%
Highest mountainProkletije
28%
Spanish city where Montenegro became water polo champion of Europe in 2008Malaga
27%
NBA star who graduated from USC, currently member of Chicago BullsNikola Vučević
27%
The only medal winning sport at the Summer OlympicsWomen handball
26%
First ever Montenegrin to win a boxing world titleDejan Zlatičanin
13%

Score Distribution

Percentile by Number Answered

Percent of People with Each Score

Your Score History

You have not taken this quiz